000 01901cam a22003497a 4500
001 3309
003 FISKH
005 20240228153917.0
008 080715t20082006nyua 000 0deng d
010 _a 2008271243
020 _a9780670020744
020 _a0670020745
020 _a9780670020744
035 _a(OCoLC)ocn228441969
040 _aWIQ
_cWIQ
_dILC
_dVET
_dBAKER
_dJAG
_dBTCTA
_dYDXCP
_dJBL
_dTXA
_dDPL
_dDLC
042 _alccopycat
050 0 0 _aRC388.5
_b.T387 2008b
082 0 4 _a362.196810092
_222
100 1 _aTaylor, Jill Bolte,
_d1959-
245 1 0 _aMy stroke of insight :
_ba brain scientist's personal journey /
_cJill Bolte Taylor.
260 _aLondon :
_bViking,
_c2006.
300 _a177 pages :
_billustrations ;
_c24 cm
505 0 _aJill's pre-stroke life -- Simple science -- Hemispheric asymmetries -- Morning of the stroke -- Orchestrating my rescue -- My return to the still -- Bare to the bone -- Neurological intensive care -- Day two: the morning after -- Day three: G.G. comes to town -- Healing and preparing for surgery -- Stereotactic craniotomy -- What I needed the most -- Milestones for recovery -- My stroke of insight -- My right and left minds -- Own your power -- Cells and multidimensional circuitry -- Finding your deep inner peace -- Tending the garden.
520 _aOn the morning of December 10, 1996, Taylor, a brain scientist, experienced a massive stroke. She observed her own mind completely deteriorate. Now she shares her unique perspective on the brain and its capacity for recovery.
600 1 0 _aTaylor, Jill Bolte,
_d1959-
_xHealth.
650 0 _aCerebrovascular disease
_xPatients
_zUnited States
_vBiography.
650 0 _aCerebrovascular disease
_xPatients
_xRehabilitation.
650 2 _aStroke
_xrehabilitation
_vPersonal Narratives.
906 _a7
_bcbc
_ccopycat
_d2
_encip
_f20
_gy-gencatlg
942 _2ddc
_cBK
_n0
999 _c3309
_d3309